Country Names with 4 Vowels and an "N" - Statistics

General Stats
  • This quiz has been taken 132 times
  • The average score is 50 of 60
Answer Stats
Hint Answer % Correct
United Kingdom
98%
New Zealand
94%
Papua New Guinea
94%
United States of America
94%
Venezuela
93%
Indonesia
91%
Saint Kitts and Nevis
91%
Suriname
91%
Asia Afghanistan
89%
South America Argentina
89%
Saint Vincent and the Grenadines
89%
United Arab Emirates
89%
Uzbekistan
89%
Oceania Federated States of Micronesia
87%
Romania
87%
Saint Lucia
87%
Slovenia
87%
Turkmenistan
87%
Ukraine
87%
Azerbaijan
85%
Bosnia and Herzegovina
85%
Democratic Republic of the Congo
85%
Dominican Republic
85%
Guinea
85%
Guinea Bissau
85%
Lithuania
85%
North Macedonia
85%
South Sudan
85%
Trinidad and Tobago
85%
North America Antigua and Barbuda
83%
Central African Republic
83%
Marshall Islands
83%
Montenegro
83%
North Korea
83%
Solomon Islands
83%
Vatican City
83%
Europe Albania
81%
Liechtenstein
81%
Nicaragua
81%
San Marino
81%
Tanzania
81%
Armenia
80%
Dominica
80%
Equatorial Guinea
80%
Republic of the Congo
80%
Cameroon
78%
Vanuatu
78%
Mauritania
76%
Nigeria
76%
Sao Tome and Princip
76%
Tajikistan
76%
Estonia
74%
Mongolia
74%
Namibia
74%
Philippines
74%
Sierra Leone
74%
Singapore
70%
Tunisia
70%
Africa Burkina Faso
69%
Eswatini
63%
No matching quizzes found
Score Distribution
Percent of People with Each Score
Percentile by Number Answered
Your Score History
You have not taken this quiz